ARRUPE JESUIT UNIVERSITY

CORONAVIRUS -STOP THE SPREAD - CLEAN,DISINFECT,COVER

The Hall handbook of the Anglo-Boer War, 1899-1902 / (Record no. 120324)

MARC details
000 -LEADER
fixed length control field 01217cam a2200301 a 4500
001 - CONTROL NUMBER
control field 11901513
003 - CONTROL NUMBER IDENTIFIER
control field ARRUPE
005 - DATE AND TIME OF LATEST TRANSACTION
control field 20140327170121.0
008 - FIXED-LENGTH DATA ELEMENTS--GENERAL INFORMATION
fixed length control field 000202b1999 sa a b 001 0deng
010 ## - LIBRARY OF CONGRESS CONTROL NUMBER
LC control number 00311542
020 ## - INTERNATIONAL STANDARD BOOK NUMBER
International Standard Book Number 0869809431 (hardback)
020 ## - INTERNATIONAL STANDARD BOOK NUMBER
International Standard Book Number 0869809490 (softback)
040 ## - CATALOGING SOURCE
Original cataloging agency DLC
Transcribing agency DLC
Modifying agency DLC
043 ## - GEOGRAPHIC AREA CODE
Geographic area code e-uk---
-- f-sa---
050 00 - LIBRARY OF CONGRESS CALL NUMBER
Classification number DT1896
Item number .H35 1999
082 00 - DEWEY DECIMAL CLASSIFICATION NUMBER
Classification number 968.04/8
Edition number 21
300 ## - PHYSICAL DESCRIPTION
Other physical details ill., maps ;
Dimensions 25 cm.
100 1# - MAIN ENTRY--PERSONAL NAME
Personal name Hall, Darrell,
Dates associated with a name 1928-1996.
9 (RLIN) 9598
245 14 - TITLE STATEMENT
Title The Hall handbook of the Anglo-Boer War, 1899-1902 /
Statement of responsibility, etc by Darrell Hall ; editors, Fransjohan Pretorius, Gilbert Torlage.
260 ## - PUBLICATION, DISTRIBUTION, ETC. (IMPRINT)
Place of publication, distribution, etc Pietermaritzburg :
Name of publisher, distributor, etc University of Natal Press,
Date of publication, distribution, etc 1999.
300 ## - PHYSICAL DESCRIPTION
Extent ix, 272 p. :
504 ## - BIBLIOGRAPHY, ETC. NOTE
Bibliography, etc Includes bibliographical references (p. 266-268) and index.
650 #0 - SUBJECT ADDED ENTRY--TOPICAL TERM
Topical term or geographic name as entry element South African War, 1899-1902.
9 (RLIN) 9599
700 1# - ADDED ENTRY--PERSONAL NAME
Personal name Pretorius, F.
Fuller form of name (Fransjohan)
9 (RLIN) 9600
700 1# - ADDED ENTRY--PERSONAL NAME
Personal name Torlage, Gilbert.
9 (RLIN) 9601
906 ## - LOCAL DATA ELEMENT F, LDF (RLIN)
a 7
b cbc
c orignew
d 3
e ncip
f 20
g y-gencatlg
942 ## - ADDED ENTRY ELEMENTS (KOHA)
Source of classification or shelving scheme Library of Congress Classification
Koha item type REFERENCE
Holdings
Withdrawn status Lost status Source of classification or shelving scheme Damaged status Not for loan Collection code Home library Current library Shelving location Date acquired Total Checkouts Full call number Barcode Date last seen Price effective from Koha item type
    Library of Congress Classification     SPECIAL Collection ARRUPE LIBRARY ARRUPE LIBRARY Main Collection 27/03/2014   SPC DT1896 .H35 1999 46500001812 27/03/2014 27/03/2014 REFERENCE

 

Arrupe Library. PO Box MP320 Mt Pleasant, Harare, Zimbabwe
263 242 745411|librarian@aju.ac.zw